| 000 | 00790cam a22002291 4500 | ||
|---|---|---|---|
| 001 | sg 44000101 | ||
| 003 | DLC | ||
| 005 | 20260227112742.0 | ||
| 008 | 820128s1943 xx a 000 0 eng | ||
| 010 | _asg 44000101 | ||
| 035 | _a(OCoLC)14745322 | ||
| 040 |
_aDLC _cDNLM _dDLC |
||
| 042 | _apremarc | ||
| 050 | 0 | 0 |
_aRC356 _b.C68 |
| 060 | 0 |
_aWY 160 _bC851o 1943 |
|
| 100 | 1 |
_aCottrell, Lillian, _d1902- |
|
| 245 | 1 | 3 |
_aAn outline of neuropsychiatry for nurses and social workers, _cby Lillian Cottrell ... Nursing procedures contributed by Ilaine J. Larson ... |
| 260 |
_a[St. Louis, New York, etc., _bPlanographed by John S. Swift co., inc., _cc1943] |
||
| 300 |
_aiii p., 160 numb. l., 161-172 p. _bill. |
||
| 504 | _a"Suggested readings": p. 161-164. | ||
| 700 | 1 | _aLarson, Ilaine J. | |
| 999 |
_c90370 _d90370 |
||